Statistics for National Parks of South Africa Quiz

Click here to take the quiz!

General Stats

  • This quiz has been taken 3 times
  • The average score is 6 of 20

Answer Stats

Year foundedArea (km2)National Park% Correct
192619,623Kruger
100%
1998243Table Mountain
67%
19311,642Addo Elephant
67%
1966417Augrabies Falls
33%
193127Bontebok
33%
19911,624Richtersveld
33%
191680Royal Natal
33%
19991,350Namaqua
33%
1937284Mountain Zebra
33%
199553Mapungubwe
33%
19319,591Kalahari Gemsbok
33%
1979831Karoo
33%
1963116Golden Gate Highlands
33%
2005194Camdeboo
33%
1985363West Coast
33%
199856Agulhas
0%
1994507Marakele
0%
2007196Mokala
0%
20091,210Garden Route
0%
19861,216Tankwa Karoo
0%

Score Distribution

Percentile by Number Answered

Percent of People with Each Score

Your Score History

You have not taken this quiz